Failure mechanisms in semiconductor devices / (Record no. 182219)
[ view plain ]
| 000 -LEADER | |
|---|---|
| fixed length control field | 01168 a2200229 4500 |
| 003 - CONTROL NUMBER IDENTIFIER | |
| control field | Nust |
| 005 - DATE AND TIME OF LATEST TRANSACTION | |
| control field | 20221130111430.0 |
| 010 ## - LIBRARY OF CONGRESS CONTROL NUMBER | |
| LC control number | 86028174 |
| 020 ## - INTERNATIONAL STANDARD BOOK NUMBER | |
| International Standard Book Number | 0471914347 : |
| 040 ## - CATALOGING SOURCE | |
| Transcribing agency | Nust |
| 082 00 - DEWEY DECIMAL CLASSIFICATION NUMBER | |
| Classification number | 621.38152,AME |
| 100 1# - MAIN ENTRY--PERSONAL NAME | |
| Personal name | Amerasekera, E. A. |
| 9 (RLIN) | 69337 |
| 245 10 - TITLE STATEMENT | |
| Title | Failure mechanisms in semiconductor devices / |
| Statement of responsibility, etc. | E.A. Amerasekera and D.S. Campbell. |
| 260 ## - PUBLICATION, DISTRIBUTION, ETC. | |
| Place of publication, distribution, etc. | Chichester [West Sussex] ; |
| -- | New York : |
| Name of publisher, distributor, etc. | Wiley, |
| Date of publication, distribution, etc. | c1987. |
| 300 ## - PHYSICAL DESCRIPTION | |
| Extent | xiii, 205 p. : |
| Other physical details | ill. ; |
| Dimensions | 24 cm. |
| 505 ## - FORMATTED CONTENTS NOTE | |
| Formatted contents note | Introduction (Page-1), Reliability Theory (Page-5), Failure Mechanisms (Page-12), Failure Mechanisms and Device Technologies (Page-66), Packing (Page-93), Screening (Page-105), Accelerated Testing (Page-116), Physical Failure Analysis Technology (Page-121), Reliability Prediction and Failure Modeling (Page-129), Quality Assurance (Page-135), Conclusions (Page-143). |
| 650 #0 - SUBJECT ADDED ENTRY--TOPICAL TERM | |
| Topical term or geographic name entry element | Telecommunication Engineering |
| 700 1# - ADDED ENTRY--PERSONAL NAME | |
| Personal name | Campbell, D. S. |
| 9 (RLIN) | 103815 |
| 856 42 - ELECTRONIC LOCATION AND ACCESS | |
| Materials specified | Publisher description |
| Uniform Resource Identifier | <a href="http://www.loc.gov/catdir/enhancements/fy0607/86028174-d.html">http://www.loc.gov/catdir/enhancements/fy0607/86028174-d.html</a> |
| 856 42 - ELECTRONIC LOCATION AND ACCESS | |
| Materials specified | Table of contents only |
| Uniform Resource Identifier | <a href="http://www.loc.gov/catdir/enhancements/fy0607/86028174-t.html">http://www.loc.gov/catdir/enhancements/fy0607/86028174-t.html</a> |
| 942 ## - ADDED ENTRY ELEMENTS (KOHA) | |
| Source of classification or shelving scheme | |
| Koha item type | Book |
| Withdrawn status | Lost status | Source of classification or shelving scheme | Damaged status | Not for loan | Permanent Location | Current Location | Shelving location | Date acquired | Full call number | Barcode | Date last seen | Price effective from | Koha item type | Public note |
|---|---|---|---|---|---|---|---|---|---|---|---|---|---|---|
| Military College of Signals (MCS) | Military College of Signals (MCS) | General Stacks | 12/12/2016 | 621.38152,AME | MCS7390 | 12/08/2016 | 12/12/2016 | Book | Almirah No.33, Shelf No.4 |
